| 000 | 00811cam a2200241 4500 | ||
|---|---|---|---|
| 001 | ABS63170 | ||
| 008 | 000000n2000 000 0 eng u | ||
| 035 | _a(Sirsi) u109683 | ||
| 100 | _aClucas, P | ||
| 245 | _aDesigned to really move you | ||
| 260 | _c2000 | ||
| 490 |
_aEstates Gazette _v(0047) 25 November 2000, 162-163(2) |
||
| 520 | _aLooks at the revolutionary marketing campaign implemented at Hammerson's two eighty Bishopsgate, which uses computer-aided design (CAD) to provide a virtual reality tour of the building. | ||
| 590 | _aABS | ||
| 650 | _aBISHOPSGATE | ||
| 650 | _aCAD | ||
| 650 | _aCOMPUTER AIDED DESIGN | ||
| 650 | _aPROPERTY MARKETING | ||
| 650 | _aVIRTUAL REALITY | ||
| 650 | _aHAMMERSON | ||
| 690 | _aMANAGEMENT-BUSINESS MANAGEMENT-INFORMATION MANAGEMENT | ||
| 942 | _n0 | ||
| 999 |
_c65480 _d65480 |
||